El conceller y el monarca (Record no. 165522)

MARC details
000 -LEADER
campo de control de longitud fija 00946nam a22001935i 4500
001 - NÚMERO DE CONTROL
campo de control 165522
003 - IDENTIFICADOR DE NÚMERO DE CONTROL
campo de control ES-MaACL
005 - FECHA Y HORA DE LA ÚLTIMA TRANSACCIÓN
campo de control 20260201063017.0
008 - DATOS DE LONGITUD FIJA--INFORMACIÓN GENERAL
campo de control de longitud fija 020122s1871 sp |||| | spa d
040 ## - FUENTE DE CATALOGACIÓN
Centro catalogador/agencia de origen CAM
Lengua de catalogación spa
Centro/agencia transcriptor CAM
100 1# - ENTRADA PRINCIPAL--NOMBRE DE PERSONA
Nombre de persona Pitarra, Serafí,
Fechas asociadas al nombre 1839-1895
9 (RLIN) 92408
245 13 - MENCIÓN DEL TÍTULO
Título El conceller y el monarca
Resto del título : drama histórico en tres actos y en verso /
Mención de responsabilidad, etc. original de Federico Soler.
260 ## - PUBLICACIÓN, DISTRIBUCIÓN, ETC.
Lugar de publicación, distribución, etc. Barcelona :
Nombre del editor, distribuidor, etc. [s.n.],
Fecha de publicación, distribución, etc. 1871 (
Fabricante Imprenta de Jaime Jepús)
300 ## - DESCRIPCIÓN FÍSICA
Extensión 65 p. ;
Dimensiones 19 cm.
500 ## - NOTA GENERAL
Nota general En port.: Estrenado en el teatro de Novedades á beneficio del distinguido primer actor y director José Izquierdo, la noche del 10 de agosto de 1871.
596 ## - NOTA AL PIE DE IMPRENTA
NOTA AL PIE DE IMPRENTA En verso de la port. consta: Gullon e Hidalgo.
852 ## - LOCALIZACIÓN
Ubicación ES-MaACL
Número de control de estantería F-8556(10)
Nota libre -- Enc. pasta española, falto de la enc. editorial
-- -- Enc. en un vol. facticio formando parte de la col. facticia "Teatro español moderno", v.8
Holdings
Estatus retirado Estado de pérdida Estado de daño No para préstamo Colección Biblioteca de origen Biblioteca actual Ubicación en estantería Fecha de adquisición Total de préstamos Signatura topográfica completa Código de barras Visto por última vez Precio de reemplazo Tipo de ítem Koha
        Libros del s. XIX Biblioteca del Ateneo de Madrid Biblioteca del Ateneo de Madrid Sala Pecera Planta 2 17/01/2008   F-8556(10) 1173582 23/02/2023 23/02/2023 Libro impreso antiguo